000 00673nam a2200265Ia 4500
008 160321s9999||||xx |||||||||||||| ||und||
040 _cEnglish
082 _aXI.A/Masternman
082 _bBORI-53714
100 _aJ. Howard B. Masterman
245 4 _aThe House Of Commons
300 _aViii+120
300 _cA
300 _eHardbound
530 _b"Sanghawi,Vijay"
530 _u00100735.pdf
563 _aStudy
600 _aJ. Howard B. Masterman
630 _aThe House Of Commons
650 _aGeneral Indology
650 _aHistory and Historiography
700 _aJ. Howard B. Masterman
730 _aThe House Of Commons
942 _cBOOK
999 _c1364772
_d1364769